000 01803nam a2200529 i 4500
001 38289
003 KOSZ 005
005 20220310124232.0
008 000911s2000 pl f |000 0 pol
015 _aUWD 2000/18555
020 _a8302078700
020 _a8302079138
035 _a991014673229705066
035 _a(PL-WaBN)b13943479-48omnis_nlop
035 _ab13943479
035 _a(OCoLC)830301596
035 _a(PL)b0000001394347
035 _a(EXLNZ-48OMNIS_NETWORK)9910000305705606
040 _aWA N
_cWA N
_dWA N
_dKOSZ 005/HR
041 0 _apol
046 _k2000
080 _a338.43
080 _a338.45
080 _a664
080 _a658.1/.5
080 _a(075.3.053.7)
100 1 _aKożuch, Antoni
_d(1939- )
_eAutor
245 1 0 _aAgrobiznes :
_bpodstawy ekonomiki agrobiznesu : podręcznik dla liceum, technikum i szkoły policealnej w zawodach rolnych i gospodarki żywnościowej.
_nCz.1 /
_cAntoni Kożuch, Agata Mirończuk.
260 _aWarszawa :
_bWydawnictwa Szkolne i Pedagogiczne,
_ccop. 2000.
300 _a161, [1] s. ;
_c24 cm.
336 _aTekst
_btxt
_2rdacontent
337 _aBez urządzenia pośredniczącego
_bn
_2rdamedia
338 _aWolumin
_bnc
_2rdacarrier
380 _aKsiążki
388 _a1901-2000
388 _a1989-2000
504 _aBibliogr.
650 7 _aAgrobiznes
_2DBN
650 7 _aEkonomia
_2DBN
655 7 _aPodręczniki dla szkół zawodowych
_2DBN
658 _aGospodarka, ekonomia, finanse
700 1 _aMirończuk, Agata
_c(ekonomia)
_eAutor
710 2 _aWydawnictwa Szkolne i Pedagogiczne
_4pbl
856 _uhttp://koha.tu.koszalin.pl/cgi-bin/koha/opac-detail.pl?biblionumber=38289
_yKatalog online BPK
942 _2UKD
_cKS
999 _c38289
_d38289